00546nam a2200193Ia 4500003000900000008004100009040001600050080001700066100002200083245008200105250001200187260003500199300001500234650003100249650001900280650000900299650002100308700002300329IN-BaIIA211028s9999 xx 000 0 eng d cIIA Library a537.531bCOM aCompton, Arthur H 0aX-rays in theory and experimentcArthur Holly Compton and Samuel King Allison a2nd ed. aTorontobD. Van Nostrandc1949 axiv, 828p. aExtraterrestrial Radiation aNASA Thesaurus aXray aXray Diffraction aAllison, Samuel K.